00445nam a2200157Ia 450000500170000000800410001708200130005810000120007124500250008326000360010830000130014465000100015794200060016795200990017399900150027220250404025243.0240331s9999 xx 000 0 und d bSOMa894 aSomu, E 0aVidivelli poothththu aJaffnabVarathar Veliyiduc1989 a146 p ., aNaval cL 001040708LaWERCLbWERCLcSSCd2024-03-31l0o 894.811 SOMp2361r2024-03-31w2024-03-31yL c3799d3799